000 00606nam a2200229Ia 4500
003 OSt
005 20220928111828.0
006 a|||||r|||| 00| 0
007 ta
008 220927b |||||||| |||| 00| 0 eng d
024 _a145560
037 _cTextual
040 _aSDCL
_cSDCL
_beng
041 _2eng
_aeng
082 _aY4, L9
100 _aPande Satya Vrat
_9425175
245 0 _aRelative deprivation among career elites
260 _aLucknow
_bSunita Prakashan
_c1979
300 _aiii,231p
_ccm.
942 _hY4, L9
_cTEXL
_2CC
999 _c742185
_d742185